| 000 | 01624cam a2200469 i 4500 | ||
|---|---|---|---|
| 001 | 5922 | ||
| 003 | FISKH | ||
| 005 | 20250422092844.0 | ||
| 008 | 180305t20172017ilua b 000 1 eng d | ||
| 010 | _a 2017486430 | ||
| 020 | _a9780807516904 | ||
| 020 | _a9781407170428 | ||
| 035 | _a(OCoLC)ocn974674492 | ||
| 040 |
_aBTCTA _beng _cBTCTA _erda _dYDX _dBDX _dIMF _dBKL _dOI6 _dWIMVL _dCHILD _dNYP _dTNH _dOCLCQ _dILC _dTXHUT _dOCL _dOCLCQ _dGRC _dOCLCO _dIGA _dDLC _dDLC |
||
| 050 | _a PZ8.F88 D | ||
| 082 | _a823.92 | ||
| 100 | 1 |
_aFreedman, Claire, _eauthor. |
|
| 245 | 1 | 0 |
_aDon't wake the yeti! / _cClaire Freedman ; pictures by Claudia Ranucci. |
| 260 |
_aNew York : _bScholastic, _c2017 |
||
| 300 |
_a48 unnumbered pages : _bcolor illustrations ; _c28 cm |
||
| 336 |
_atext _btxt _2rdacontent |
||
| 336 |
_astill image _bsti _2rdacontent |
||
| 337 |
_aunmediated _bn _2rdamedia |
||
| 338 |
_avolume _bnc _2rdacarrier |
||
| 500 | _a"First published in Great Britain in 2017 by Scholastic Children's Books"--Title page verso. | ||
| 505 | _aR | ||
| 520 | _aRhyming couplets describe the care and feeding of yetis. | ||
| 521 | 8 |
_a680
_bLexile |
|
| 521 | 8 |
_aR
_bRaz-Plus |
|
| 650 | 0 | _aStories in rhyme. | |
| 650 | 0 |
_aYeti _vJuvenile fiction. |
|
| 650 | 0 |
_aPets _vJuvenile fiction. |
|
| 650 | 0 |
_aFriendship _vJuvenile fiction. |
|
| 650 | 1 | _aStories in rhyme. | |
| 650 | 1 |
_aYeti _vFiction. |
|
| 650 | 1 |
_aPets _vFiction. |
|
| 650 | 1 |
_aFriendship _vFiction. |
|
| 700 | 1 |
_aRanucci, Claudia, _d1973- _eillustrator. |
|
| 906 |
_a7 _bcbc _ccopycat _d2 _encip _f20 _gy-gencatlg |
||
| 942 |
_2ddc _cBK _n0 |
||
| 999 |
_c5922 _d5922 |
||